|
|
|
|
| LEADER |
01937nam a22003613i 4500 |
| 001 |
EBC30469253 |
| 003 |
MiAaPQ |
| 005 |
20231204023230.0 |
| 006 |
m o d | |
| 007 |
cr cnu|||||||| |
| 008 |
231204s2022 xx o ||||0 UND d |
| 020 |
|
|
|a 9783839464472
|q (electronic bk.)
|
| 035 |
|
|
|a (MiAaPQ)EBC30469253
|
| 035 |
|
|
|a (Au-PeEL)EBL30469253
|
| 040 |
|
|
|a MiAaPQ
|b eng
|e rda
|e pn
|c MiAaPQ
|d MiAaPQ
|
| 100 |
1 |
|
|a Pompeu, Douglas.
|
| 245 |
1 |
0 |
|a Uma Ilha Brasileira No Campo Literário Alemão :
|b Dinâmicas de Circulação Literária Pela Editora Suhrkamp e a Recepção Da Literatura Do Brasil (1970-1990).
|
| 250 |
|
|
|a 1st ed.
|
| 264 |
|
1 |
|a Bielefeld :
|b Transcript Verlag,
|c 2022.
|
| 264 |
|
4 |
|c {copy}2022.
|
| 300 |
|
|
|a 1 online resource (396 pages)
|
| 336 |
|
|
|a text
|b txt
|2 rdacontent
|
| 337 |
|
|
|a computer
|b c
|2 rdamedia
|
| 338 |
|
|
|a online resource
|b cr
|2 rdacarrier
|
| 490 |
1 |
|
|a Biblioteca Luso-Afro-Brasileira Series ;
|v v.1
|
| 505 |
0 |
|
|a Intro -- Índice -- Agradecimentos -- Introdução -- 1. Literatura a bordo de uma recepção transatlântica (1950-1970) -- 2. Rastros de uma literatura nos trópicos -- 3. Nos bastidores de um programa -- 4. A edição da literatura brasileira (1970-1990) . -- Reflexões finais -- Anexos -- Referências bibliográficas.
|
| 588 |
|
|
|a Description based on publisher supplied metadata and other sources.
|
| 590 |
|
|
|a Electronic reproduction. Ann Arbor, Michigan : ProQuest Ebook Central, 2023. Available via World Wide Web. Access may be limited to ProQuest Ebook Central affiliated libraries.
|
| 655 |
|
4 |
|a Electronic books.
|
| 776 |
0 |
8 |
|i Print version:
|a Pompeu, Douglas
|t Uma Ilha Brasileira No Campo Literário Alemão
|d Bielefeld : Transcript Verlag,c2022
|
| 797 |
2 |
|
|a ProQuest (Firm)
|
| 830 |
|
0 |
|a Biblioteca Luso-Afro-Brasileira Series
|
| 856 |
4 |
0 |
|u https://ebookcentral.proquest.com/lib/matrademy/detail.action?docID=30469253
|z Click to View
|